[Event "17. Europa ch Juvenil - Femenino s16"]
[Site "Sibenik CRO"]
[Date "2007.09.19"]
[Round "6.4"]
[White "Warakomska, Anna"]
[Black "Mnatsakanyan, Diana"]
[Result "1-0"]
[WhiteElo "2133"]
[BlackElo "1970"]
[PlyCount "45"]
[EventDate "2007.09.14"]
[EventType "swiss"]
[EventRounds "9"]
[EventCountry "CRO"]
[Source "lmi"]
[SourceDate "2007.09.14"]

1. e4 e6 2. d4 d5 3. Nd2 c5 4. Ngf3 cxd4 5. exd5 Qxd5 6. Bc4 Qd6 7. O-O Nc6 8.
Ne4 Qb4 9. Qe2 Bd7 10. Rd1 Bc5 11. c3 dxc3 12. bxc3 Qb6 13. Bf4 Nce7 14. Rab1
Qa5 15. Rxd7 Kxd7 16. Rb5 Qd8 17. Nxc5+ Ke8 18. Nxb7 Qd7 19. Nd6+ Kf8 20. Nxf7
Ng6 21. Bd6+ N8e7 22. Bxe6 Qc6 23. Bd5 1-0

[Event "17. Europa ch Juvenil - Femenino s16"]
[Site "Sibenik CRO"]
[Date "2007.09.19"]
[Round "6.6"]
[White "Repina, Varvara"]
[Black "Savola, Laura"]
[Result "1-0"]
[WhiteElo "2196"]
[BlackElo "2002"]
[PlyCount "57"]
[EventDate "2007.09.14"]
[EventType "swiss"]
[EventRounds "9"]
[EventCountry "CRO"]
[Source "lmi"]
[SourceDate "2007.09.14"]

1. d4 d5 2. c4 e6 3. Nc3 Nf6 4. cxd5 exd5 5. Bg5 Be7 6. e3 c6 7. Bd3 Nbd7 8.
Nf3 O-O 9. Qc2 Re8 10. O-O Nf8 11. Rae1 Bg4 12. Ne5 Bh5 13. f4 N6d7 14. Bxe7
Qxe7 15. Nxd7 Qxd7 16. f5 f6 17. Qf2 Rad8 18. Kh1 Kh8 19. Rg1 Qd6 20. g4 Bf7
21. g5 fxg5 22. Rxg5 Qf6 23. Reg1 Rd7 24. Ne2 Bg8 25. Nf4 h6 26. Ng6+ Kh7 27.
Nxf8+ Qxf8 28. f6+ Re4 29. Bxe4+ 1-0

[Event "17. Europa ch Juvenil - Femenino s16"]
[Site "Sibenik CRO"]
[Date "2007.09.19"]
[Round "6.7"]
[White "Shlakich, Anna"]
[Black "Guadamuro Torrente, Anabel"]
[Result "0-1"]
[WhiteElo "2169"]
[BlackElo "2095"]
[PlyCount "88"]
[EventDate "2007.09.14"]
[EventType "swiss"]
[EventRounds "9"]
[EventCountry "CRO"]
[Source "lmi"]
[SourceDate "2007.09.14"]

1. d4 d5 2. c4 e6 3. Nf3 c6 4. Nc3 dxc4 5. a4 Bb4 6. e3 b5 7. Bd2 a5 8. axb5
Bxc3 9. Bxc3 cxb5 10. b3 Bb7 11. bxc4 b4 12. Bb2 Nf6 13. Be2 Nbd7 14. O-O O-O
15. Nd2 Qc7 16. f3 e5 17. Bd3 exd4 18. exd4 Rfe8 19. Qc2 Qf4 20. Rfe1 Rxe1+ 21.
Rxe1 a4 22. d5 b3 23. Qc1 Nc5 24. g3 Qh6 25. Bf1 a3 26. Bd4 b2 27. Qc2 Nfd7 28.
Ne4 Nxe4 29. fxe4 Qa6 30. c5 Qa5 31. Rd1 Nxc5 32. Bxc5 a2 33. Qxb2 Qxc5+ 34.
Kh1 Bc8 35. Ra1 Bg4 36. Bg2 Qa5 37. e5 Qa3 38. Qd4 Rb8 39. Qxg4 Rb1+ 40. Bf1
Rxa1 41. d6 Rxf1+ 42. Kg2 Qf3+ 43. Qxf3 Rxf3 44. Kxf3 a1=Q 0-1

[Event "17. Europa ch Juvenil - Femenino s16"]
[Site "Sibenik CRO"]
[Date "2007.09.19"]
[Round "6.8"]
[White "Sikorska, Dorota"]
[Black "Korchagina, Viktoria"]
[Result "1-0"]
[WhiteElo "1915"]
[BlackElo "2152"]
[PlyCount "53"]
[EventDate "2007.09.14"]
[EventType "swiss"]
[EventRounds "9"]
[EventCountry "CRO"]
[Source "lmi"]
[SourceDate "2007.09.14"]

1. e4 c5 2. Nc3 a6 3. g3 b5 4. Bg2 Bb7 5. d3 e6 6. Nf3 d5 7. exd5 exd5 8. d4 c4
9. O-O Be7 10. Re1 Nf6 11. Qe2 Nc6 12. Be3 O-O 13. Rad1 Re8 14. Ne5 h6 15. g4
Na7 16. g5 hxg5 17. Bxg5 Nh7 18. Bxe7 Rxe7 19. Qh5 Nf6 20. Qh4 Re6 21. Re3 Nh7
22. Qh5 g6 23. Rg3 Qd6 24. f4 b4 25. Nxf7 Kxf7 26. Qxh7+ Ke8 27. Qxb7 1-0

[Event "17. Europa ch Juvenil - Femenino s16"]
[Site "Sibenik CRO"]
[Date "2007.09.19"]
[Round "6.9"]
[White "Iordanidou, Zoi"]
[Black "Ni, Viktorija"]
[Result "1-0"]
[WhiteElo "2005"]
[BlackElo "2147"]
[PlyCount "91"]
[EventDate "2007.09.14"]
[EventType "swiss"]
[EventRounds "9"]
[EventCountry "CRO"]
[Source "lmi"]
[SourceDate "2007.09.14"]

1. e4 c5 2. Nf3 e6 3. d3 a6 4. g3 Qc7 5. Bg2 d6 6. O-O Be7 7. Nbd2 Nc6 8. Re1
Bd7 9. c3 Nf6 10. Nf1 h6 11. Bd2 g5 12. h4 Nh7 13. hxg5 hxg5 14. d4 Rg8 15. Be3
O-O-O 16. b4 g4 17. N3h2 f5 18. exf5 exf5 19. a4 Bg5 20. b5 Nb8 21. b6 Qxb6 22.
Rb1 Qa5 23. Bxb7+ Kc7 24. Bd5 Bc6 25. Bxg8 Rxg8 26. d5 Bxa4 27. Qd3 Nd7 28.
Qxf5 Rg7 29. Nxg4 Bxe3 30. Rxe3 Bb5 31. Nfh2 Qa2 32. Ree1 Qd2 33. Rbc1 Bd3 34.
Qf3 Bg6 35. Qe2 Qxe2 36. Rxe2 Bh5 37. f3 Ng5 38. Ra2 Nxf3+ 39. Nxf3 Bxg4 40.
Nd2 Nf6 41. Rxa6 Bc8 42. Rc6+ Kd7 43. Nc4 Bb7 44. Rxd6+ Ke7 45. Re1+ Kf7 46.
Ne5+ 1-0

[Event "17. Europa ch Juvenil - Femenino s16"]
[Site "Sibenik CRO"]
[Date "2007.09.19"]
[Round "6.10"]
[White "Havlikova, Kristyna"]
[Black "Homiakova, Elena"]
[Result "1-0"]
[WhiteElo "2164"]
[BlackElo "2012"]
[PlyCount "133"]
[EventDate "2007.09.14"]
[EventType "swiss"]
[EventRounds "9"]
[EventCountry "CRO"]
[Source "lmi"]
[SourceDate "2007.09.14"]

1. e4 c5 2. Nf3 Nc6 3. d4 cxd4 4. Nxd4 g6 5. Nc3 Bg7 6. Be3 Nf6 7. Bc4 Qa5 8.
O-O O-O 9. Bb3 d6 10. f3 Bd7 11. Qd2 Rfc8 12. Rad1 Ne5 13. Qe2 a6 14. Nd5 Nxd5
15. exd5 Rc7 16. c3 Rac8 17. Bg5 Bf8 18. Rfe1 b5 19. a3 Qb6 20. Qf2 h6 21. Bh4
a5 22. f4 Ng4 23. Qd2 Nf6 24. f5 Bxf5 25. Kh1 Bg4 26. Rc1 b4 27. axb4 axb4 28.
c4 Nxd5 29. Bf2 Nf6 30. Ne6 Qb7 31. Nxc7 Rxc7 32. Qf4 Be6 33. Bd1 Qc8 34. b3 d5
35. Be2 Ne4 36. Bb6 Rc6 37. cxd5 Bxd5 38. Bf3 Qb7 39. Rxc6 Qxc6 40. Bxe4 Bxe4
41. Rxe4 Qxb6 42. Rxb4 Qa5 43. Qd4 e5 44. Ra4 Qb5 45. Qc4 Qd7 46. Ra1 Qb7 47.
h3 Qb6 48. Rb1 Bb4 49. Rd1 Bf8 50. Rf1 Qb7 51. b4 e4 52. b5 e3 53. Qc6 Qe7 54.
Re1 Qe5 55. Re2 Bd6 56. g4 Qf4 57. Qg2 Bc5 58. Rb2 Qd4 59. Qe2 Ba3 60. Rc2 Qd5+
61. Kg1 Bc5 62. Kh2 Qe5+ 63. Kg2 Qe4+ 64. Kg1 Qd5 65. Rc4 Qd2 66. Rc2 Qb4 67.
Kf1 1-0

[Event "17. Europa ch Juvenil - Femenino s16"]
[Site "Sibenik CRO"]
[Date "2007.09.19"]
[Round "6.13"]
[White "Clopes Llahi, Judit"]
[Black "Vince, Viola"]
[Result "1-0"]
[WhiteElo "2020"]
[BlackElo "1839"]
[PlyCount "81"]
[EventDate "2007.09.14"]
[EventType "swiss"]
[EventRounds "9"]
[EventCountry "CRO"]
[Source "lmi"]
[SourceDate "2007.09.14"]

1. e4 c5 2. Nf3 e6 3. b3 b6 4. c4 Bb7 5. Nc3 Nc6 6. Bb2 Nf6 7. e5 Ng4 8. Nb5
Qb8 9. Qe2 a6 10. Na3 f6 11. exf6 Nxf6 12. Qe3 Qc7 13. Nc2 O-O-O 14. O-O-O Bd6
15. h3 Bf4 16. Qe2 Rhe8 17. g3 Bd6 18. Bg2 h6 19. d4 Bf8 20. Ne5 d5 21. Kb1 Kb8
22. f4 dxc4 23. Nxc4 Nd5 24. dxc5 Bxc5 25. Rhe1 Ka7 26. Ka1 Ncb4 27. Rc1 Nxf4
28. gxf4 Nd3 29. Bxb7 Nxc1 30. Rxc1 Qxb7 31. b4 Bd6 32. Bd4 Bc7 33. Rg1 Rxd4
34. Nxd4 Bxf4 35. Qg2 Qxg2 36. Rxg2 g5 37. Re2 b5 38. Ne5 Kb7 39. Nf7 Re7 40.
Nxh6 e5 41. Ndf5 1-0

[Event "17. Europa ch Juvenil - Femenino s16"]
[Site "Sibenik CRO"]
[Date "2007.09.19"]
[Round "6.15"]
[White "Manyoki, Anna"]
[Black "Kulon, Klaudia"]
[Result "0-1"]
[WhiteElo "1979"]
[BlackElo "2170"]
[PlyCount "86"]
[EventDate "2007.09.14"]
[EventType "swiss"]
[EventRounds "9"]
[EventCountry "CRO"]
[Source "lmi"]
[SourceDate "2007.09.14"]

1. e4 e5 2. Nf3 Nc6 3. Bc4 Nf6 4. Ng5 d5 5. exd5 Na5 6. Bb5+ c6 7. dxc6 bxc6 8.
Be2 h6 9. Nf3 e4 10. Ne5 Bd6 11. d4 Qc7 12. O-O O-O 13. Bd2 Nb7 14. f4 c5 15.
c3 Nd5 16. Bc4 Nb6 17. Bb3 c4 18. Bc2 f5 19. b3 Be6 20. Bc1 Rfe8 21. bxc4 Bxe5
22. fxe5 Nxc4 23. Bb3 Rad8 24. Qc2 Rc8 25. Qd1 Qf7 26. Qe2 Nba5 27. Nd2 Nxb3
28. Nxb3 Nb6 29. Qc2 Bc4 30. Re1 Bd3 31. Qd2 Na4 32. Bb2 Rc7 33. Nc1 Ba6 34.
Ne2 Rb8 35. Ba3 Bxe2 36. Rxe2 Rxc3 37. Bd6 Rb2 38. Qe1 Qc4 39. Rxb2 Nxb2 40.
Qd2 Nd3 41. Qe3 f4 42. Qd2 Qxd4+ 43. Kf1 Rc2 0-1

[Event "17. Europa ch Juvenil - Femenino s16"]
[Site "Sibenik CRO"]
[Date "2007.09.19"]
[Round "6.16"]
[White "Richard, Emma"]
[Black "Grigorian, Marine"]
[Result "0-1"]
[WhiteElo "1962"]
[BlackElo "2087"]
[PlyCount "96"]
[EventDate "2007.09.14"]
[EventType "swiss"]
[EventRounds "9"]
[EventCountry "CRO"]
[Source "lmi"]
[SourceDate "2007.09.14"]

1. e4 d6 2. d4 Nf6 3. Nc3 e5 4. dxe5 dxe5 5. Qxd8+ Kxd8 6. Bg5 Be6 7. O-O-O+
Nbd7 8. Nf3 Kc8 9. a3 Be7 10. Bh4 h6 11. Bb5 c6 12. Be2 Bd8 13. Rhe1 g5 14. Bg3
Bc7 15. Nd2 b5 16. h3 a5 17. Ncb1 Rb8 18. a4 b4 19. Nf3 Kb7 20. b3 Nxe4 21. Bc4
Bxc4 22. Rxd7 Be6 23. Rxc7+ Kxc7 24. Rxe4 f6 25. Nbd2 Bd5 26. Re3 Rbe8 27. c3
bxc3 28. Rxc3 Kd6 29. Rd3 Ke6 30. Rc3 Kd6 31. Nc4+ Bxc4 32. Rxc4 Kd5 33. Kd2
Rh7 34. Ne1 Rb7 35. Kc3 Reb8 36. Kd2 Rxb3 37. Rc1 Ra3 38. Nc2 Rxa4 39. Ne3+ Kd6
40. Nf5+ Ke6 41. Ne3 Ra2+ 42. Kd3 Rd8+ 43. Kc3 f5 44. Kb3 Re2 45. Nc4 f4 46.
Bh2 Rd3+ 47. Rc3 a4+ 48. Kb4 c5+ 0-1

[Event "17. Europa ch Juvenil - Femenino s16"]
[Site "Sibenik CRO"]
[Date "2007.09.19"]
[Round "6.18"]
[White "Bragina, Anastasia"]
[Black "Zeevi, Neta"]
[Result "1-0"]
[WhiteElo "2059"]
[BlackElo "1719"]
[PlyCount "57"]
[EventDate "2007.09.14"]
[EventType "swiss"]
[EventRounds "9"]
[EventCountry "CRO"]
[Source "lmi"]
[SourceDate "2007.09.14"]

1. e4 e5 2. Nf3 Nc6 3. Bb5 a6 4. Ba4 Nf6 5. Qe2 b5 6. Bb3 Be7 7. c3 O-O 8. d3
d6 9. Nbd2 Na5 10. Bc2 c5 11. Nf1 Re8 12. Ng3 g6 13. O-O Bf8 14. h3 Bg7 15. Be3
Bb7 16. Nd2 Rc8 17. f4 exf4 18. Bxf4 d5 19. Bg5 Qb6 20. Qf2 Re6 21. e5 Ne8 22.
Qxf7+ Kh8 23. Rae1 h6 24. Be7 Qc6 25. Bd6 d4 26. Nde4 Qd5 27. Bf8 Rxe5 28. Qxg6
Rg5 29. Bxg7+ 1-0

[Event "17. Europa ch Juvenil - Femenino s16"]
[Site "Sibenik CRO"]
[Date "2007.09.19"]
[Round "6.19"]
[White "Motycakova, Monika"]
[Black "Gvilava, Maya"]
[Result "0-1"]
[WhiteElo "1852"]
[BlackElo "2046"]
[PlyCount "94"]
[EventDate "2007.09.14"]
[EventType "swiss"]
[EventRounds "9"]
[EventCountry "CRO"]
[Source "lmi"]
[SourceDate "2007.09.14"]

1. e4 c5 2. c3 d5 3. exd5 Qxd5 4. d4 Nc6 5. Nf3 Bg4 6. Be2 cxd4 7. cxd4 e6 8.
O-O Nf6 9. Be3 Bd6 10. Nc3 Qa5 11. a3 O-O 12. h3 Bh5 13. b4 Qd8 14. Qb3 h6 15.
Rfd1 Ne7 16. Ne5 Bxe2 17. Nxe2 Nfd5 18. Ng3 Nxe3 19. Qxe3 Nd5 20. Qf3 Bxe5 21.
dxe5 Qg5 22. Re1 Rac8 23. Qe4 Qf4 24. Red1 Qxe4 25. Nxe4 Rc7 26. Nd6 Rd8 27.
Kf1 Kf8 28. Rac1 Rcd7 29. Ke1 Nf4 30. Rc4 Ng6 31. f4 f6 32. Rcd4 fxe5 33. fxe5
Nxe5 34. Ke2 Ke7 35. Nb5 Rxd4 36. Rxd4 Rxd4 37. Nxd4 Nc4 38. Nc2 Kd6 39. Kd3
Kd5 40. g4 b5 41. Kc3 e5 42. h4 a6 43. g5 hxg5 44. hxg5 Ke4 45. a4 Kf5 46. axb5
axb5 47. Kd3 Nd6 0-1

[Event "17. Europa ch Juvenil - Femenino s16"]
[Site "Sibenik CRO"]
[Date "2007.09.19"]
[Round "6.20"]
[White "Eric, Jovana"]
[Black "Arce Calva, Elvira"]
[Result "1-0"]
[WhiteElo "2041"]
[BlackElo "1841"]
[PlyCount "61"]
[EventDate "2007.09.14"]
[EventType "swiss"]
[EventRounds "9"]
[EventCountry "CRO"]
[Source "lmi"]
[SourceDate "2007.09.14"]

1. e4 e6 2. d4 d5 3. Nd2 dxe4 4. Nxe4 Bd7 5. Nf3 Bc6 6. Bd3 Nd7 7. c3 Ngf6 8.
Ng3 Be7 9. O-O O-O 10. Qe2 Bxf3 11. Qxf3 c6 12. Re1 Re8 13. Bc2 Qb6 14. b3 Rad8
15. Bb2 Nf8 16. Ne4 Rd7 17. c4 Ng6 18. g3 Red8 19. h4 Nf8 20. h5 h6 21. Rad1
N8h7 22. Nxf6+ Nxf6 23. Qd3 Qa5 24. Re5 Qc7 25. f4 Bd6 26. Ree1 Qa5 27. d5 cxd5
28. Bxf6 gxf6 29. Qh7+ Kf8 30. Kg2 dxc4 31. Rxe6 1-0

[Event "17. Europa ch Juvenil - Femenino s16"]
[Site "Sibenik CRO"]
[Date "2007.09.19"]
[Round "6.22"]
[White "Haug, Marianne Wold"]
[Black "Parmar, Amisha"]
[Result "0-1"]
[WhiteElo "1685"]
[BlackElo "2011"]
[PlyCount "42"]
[EventDate "2007.09.14"]
[EventType "swiss"]
[EventRounds "9"]
[EventCountry "CRO"]
[Source "lmi"]
[SourceDate "2007.09.14"]

1. e4 c5 2. Nf3 d6 3. d4 cxd4 4. Nxd4 Nf6 5. Nc3 g6 6. Be3 Bg7 7. f3 O-O 8. Qd2
Nc6 9. O-O-O d5 10. exd5 Nxd5 11. Nxc6 bxc6 12. Bd4 e5 13. Bc5 Be6 14. Ne4 Re8
15. h4 Rb8 16. h5 f5 17. Nc3 Qa5 18. h6 Bh8 19. Nxd5 Qxa2 20. Ne7+ Rxe7 21.
Qd8+ Re8 0-1

[Event "17. Europa ch Juvenil - Femenino s16"]
[Site "Sibenik CRO"]
[Date "2007.09.19"]
[Round "6.23"]
[White "Babei, Angelica"]
[Black "Gradevska, Desislava"]
[Result "1-0"]
[WhiteElo "1964"]
[BlackElo "1750"]
[PlyCount "85"]
[EventDate "2007.09.14"]
[EventType "swiss"]
[EventRounds "9"]
[EventCountry "CRO"]
[Source "lmi"]
[SourceDate "2007.09.14"]

1. e4 c5 2. d3 Nc6 3. f4 e6 4. Nf3 d5 5. Nbd2 dxe4 6. dxe4 Nf6 7. Bb5 Bd7 8.
O-O Be7 9. c3 O-O 10. Qe2 a6 11. Bd3 b5 12. e5 Nd5 13. Ne4 c4 14. Bc2 Qb6+ 15.
Kh1 Rac8 16. Neg5 g6 17. Ne4 b4 18. Rd1 Rfd8 19. f5 Bc5 20. Nxc5 Qxc5 21. fxg6
fxg6 22. Ng5 Rf8 23. Ne4 Qe7 24. Bg5 Qg7 25. Nf6+ Nxf6 26. Bxf6 Qf7 27. Qd2 Be8
28. cxb4 Rc7 29. a3 Rd7 30. Qe3 Rxd1+ 31. Rxd1 Ne7 32. Qa7 Nd5 33. Qxf7+ Rxf7
34. Bg5 Rf2 35. Be4 Rxb2 36. Bxd5 exd5 37. h3 Bc6 38. e6 d4 39. Rxd4 Bxg2+ 40.
Kg1 c3 41. Bh6 Rd2 42. Bxd2 cxd2 43. Rxd2 1-0

[Event "17. Europa ch Juvenil - Femenino s16"]
[Site "Sibenik CRO"]
[Date "2007.09.19"]
[Round "6.24"]
[White "Mijatovic, Andrea"]
[Black "Manelidou, Maria"]
[Result "0-1"]
[WhiteElo "1844"]
[BlackElo "1920"]
[PlyCount "88"]
[EventDate "2007.09.14"]
[EventType "swiss"]
[EventRounds "9"]
[EventCountry "CRO"]
[Source "lmi"]
[SourceDate "2007.09.14"]

1. e4 e6 2. d4 d5 3. exd5 exd5 4. Nf3 Nc6 5. Bb5 Bd6 6. c4 Bb4+ 7. Bd2 Bxd2+ 8.
Nbxd2 Nge7 9. O-O O-O 10. c5 Bg4 11. Qc2 a6 12. Ba4 f6 13. Rfe1 Nb8 14. Rac1 c6
15. Qc3 Nd7 16. Bc2 Re8 17. Nh4 Nf8 18. h3 Bh5 19. Re3 Neg6 20. Nf5 Nf4 21. Ng3
Bg6 22. Bxg6 hxg6 23. Rce1 Qd7 24. Nf3 N8e6 25. Ne2 Kf8 26. Nxf4 Nxf4 27. Qc2
Kf7 28. Qd2 Ne6 29. Qe2 Nc7 30. Qd3 Ne6 31. Nh4 Nf8 32. Rxe8 Rxe8 33. Rxe8 Qxe8
34. Qe3 Qe4 35. Qxe4 dxe4 36. f3 e3 37. Kf1 Ke6 38. Ke2 g5 39. Kxe3 gxh4 40.
Ke4 f5+ 41. Kf4 Nh7 42. b4 g5+ 43. Ke3 Kd5 44. Kd3 Nf6 0-1

[Event "17. Europa ch Juvenil - Femenino s16"]
[Site "Sibenik CRO"]
[Date "2007.09.20"]
[Round "7.3"]
[White "Mammadova, Gulnar"]
[Black "Agrest, Inna"]
[Result "1/2-1/2"]
[WhiteElo "2217"]
[BlackElo "2077"]
[PlyCount "74"]
[EventDate "2007.09.14"]
[EventType "swiss"]
[EventRounds "9"]
[EventCountry "CRO"]
[Source "lmi"]
[SourceDate "2007.09.14"]

1. e4 e5 2. Nf3 Nc6 3. Bc4 Nf6 4. d3 h6 5. c3 d6 6. Nbd2 g6 7. O-O Bg7 8. Bb3
O-O 9. Re1 Nh5 10. Nf1 Nf4 11. d4 Qf6 12. Bxf4 exf4 13. e5 dxe5 14. dxe5 Qe7
15. Qe2 g5 16. Qe4 Re8 17. Bc2 Be6 18. Re2 Rad8 19. Rae1 Kf8 20. N1d2 g4 21.
Nd4 Nxd4 22. cxd4 Qb4 23. Nb3 f3 24. Re3 fxg2 25. a3 Qe7 26. Nc5 Qg5 27. Nxe6+
Rxe6 28. f4 gxf3 29. Rxf3 h5 30. Bb3 Re7 31. Rf5 Qd2 32. Rd1 Qh6 33. Kxg2 c5
34. Qf3 Qg6+ 35. Kh1 Rxd4 36. Rf1 c4 37. Bd1 Bxe5 1/2-1/2

[Event "17. Europa ch Juvenil - Femenino s16"]
[Site "Sibenik CRO"]
[Date "2007.09.20"]
[Round "7.4"]
[White "Repina, Varvara"]
[Black "Iordanidou, Zoi"]
[Result "1/2-1/2"]
[WhiteElo "2196"]
[BlackElo "2005"]
[PlyCount "65"]
[EventDate "2007.09.14"]
[EventType "swiss"]
[EventRounds "9"]
[EventCountry "CRO"]
[Source "lmi"]
[SourceDate "2007.09.14"]

1. e4 d5 2. exd5 Qxd5 3. Nf3 Bg4 4. Be2 Nc6 5. d4 O-O-O 6. Be3 e5 7. c4 Qa5+ 8.
Bd2 Bb4 9. d5 Bxf3 10. Bxf3 Bxd2+ 11. Nxd2 Nd4 12. O-O Nxf3+ 13. Nxf3 f6 14. a3
Ne7 15. b4 Qa6 16. Qb3 b5 17. Rac1 bxc4 18. Rxc4 Nxd5 19. Rfc1 Rd7 20. Nd2 Nf4
21. Qf3 Kb8 22. Ne4 Qxc4 23. Rxc4 Rd3 24. Qxd3 Nxd3 25. g3 Rd8 26. Rc2 Rd4 27.
Nd2 Ne1 28. Rc1 Rxd2 29. Rxe1 Rd3 30. a4 Ra3 31. a5 Rb3 32. Re4 c6 33. f4
1/2-1/2

[Event "17. Europa ch Juvenil - Femenino s16"]
[Site "Sibenik CRO"]
[Date "2007.09.20"]
[Round "7.5"]
[White "Guadamuro Torrente, Anabel"]
[Black "Sikorska, Dorota"]
[Result "1-0"]
[WhiteElo "2095"]
[BlackElo "1915"]
[PlyCount "93"]
[EventDate "2007.09.14"]
[EventType "swiss"]
[EventRounds "9"]
[EventCountry "CRO"]
[Source "lmi"]
[SourceDate "2007.09.14"]

1. e4 e6 2. Nf3 d5 3. Nc3 Nf6 4. e5 Nfd7 5. d4 c5 6. dxc5 Nc6 7. Bf4 Bxc5 8.
Bd3 f6 9. exf6 Nxf6 10. O-O O-O 11. Ne5 Bd7 12. Qe2 Qe7 13. Rae1 Rae8 14. Bg3
a6 15. Nb1 Nd4 16. Qd1 Bb5 17. c4 dxc4 18. Bxc4 Bxc4 19. Nxc4 Nf5 20. Be5 b5
21. Ncd2 Qa7 22. Bxf6 gxf6 23. Ne4 Bd4 24. Nbc3 Kh8 25. Qh5 Rg8 26. g3 Rg6 27.
Rd1 Reg8 28. Rd3 Rh6 29. Qd1 b4 30. Ne2 e5 31. Qd2 Qg7 32. Nxd4 Nxd4 33. Nd6
Rh3 34. f4 Qg4 35. fxe5 Ne2+ 36. Kg2 Nxg3 37. Nf7+ Kg7 38. hxg3 Rh5 39. exf6+
Kg6 40. Nd6 Qh3+ 41. Kf2 Rd8 42. Qf4 Rxd6 43. Rxd6 Rf5 44. f7+ Kg7 45. Qxf5
Qxf5+ 46. Kg2 Qe4+ 47. Kh3 1-0

[Event "17. Europa ch Juvenil - Femenino s16"]
[Site "Sibenik CRO"]
[Date "2007.09.20"]
[Round "7.7"]
[White "Forgues, Valerie"]
[Black "Havlikova, Kristyna"]
[Result "0-1"]
[WhiteElo "1983"]
[BlackElo "2164"]
[PlyCount "104"]
[EventDate "2007.09.14"]
[EventType "swiss"]
[EventRounds "9"]
[EventCountry "CRO"]
[Source "lmi"]
[SourceDate "2007.09.14"]

1. e4 c5 2. Nf3 Nc6 3. d4 cxd4 4. Nxd4 g6 5. Nc3 Bg7 6. Be3 Nf6 7. Be2 O-O 8.
O-O d5 9. exd5 Nxd5 10. Nxd5 Qxd5 11. Bf3 Qc4 12. Nxc6 bxc6 13. c3 Be6 14. Be2
Qe4 15. Bd3 Qd5 16. Qc2 Rfd8 17. Rfd1 Qa5 18. Be4 Bd5 19. h3 Rab8 20. Bxd5 cxd5
21. Bg5 Rd7 22. a3 Qb5 23. Rab1 d4 24. Qc1 dxc3 25. Rxd7 Qxd7 26. bxc3 Rxb1 27.
Qxb1 Bxc3 28. Bh6 Be5 29. Kh1 Qd4 30. Be3 Qb2 31. Qxb2 Bxb2 32. Bxa7 Bxa3 33.
g3 f6 34. Kg2 Kf7 35. Kf3 e5 36. h4 Ke6 37. Be3 h5 38. Ke2 Bd6 39. Kf3 Kf5 40.
Bd2 e4+ 41. Kg2 Kg4 42. Be3 Be5 43. Bc5 Bc3 44. Be3 Bb2 45. Bd2 Bd4 46. Bc1 g5
47. hxg5 fxg5 48. Ba3 h4 49. gxh4 gxh4 50. Bd6 h3+ 51. Kg1 Kf3 52. Bg3 Bxf2+
0-1

[Event "17. Europa ch Juvenil - Femenino s16"]
[Site "Sibenik CRO"]
[Date "2007.09.20"]
[Round "7.8"]
[White "Mnatsakanyan, Diana"]
[Black "Ildzhirinova, Saglara"]
[Result "1-0"]
[WhiteElo "1970"]
[BlackElo "2106"]
[PlyCount "109"]
[EventDate "2007.09.14"]
[EventType "swiss"]
[EventRounds "9"]
[EventCountry "CRO"]
[Source "lmi"]
[SourceDate "2007.09.14"]

1. e4 c5 2. Nf3 d6 3. d4 cxd4 4. Nxd4 Nf6 5. Nc3 a6 6. Bc4 e6 7. Bb3 Be7 8. g4
h6 9. Be3 Nc6 10. Rg1 Qc7 11. Qe2 Bd7 12. O-O-O O-O-O 13. h4 h5 14. g5 Ng4 15.
f4 Na5 16. f5 Nxb3+ 17. Nxb3 Bc6 18. Bd4 exf5 19. exf5 Rhe8 20. Qc4 d5 21. Qd3
Bd6 22. Kb1 Bh2 23. Rge1 Bg3 24. Rxe8 Rxe8 25. Bb6 Qxb6 26. Qxg3 Re5 27. f6
gxf6 28. gxf6 Qd8 29. Rf1 Re6 30. Rf5 Nxf6 31. Nd4 Re8 32. a3 Bd7 33. Rg5 Bg4
34. Nf5 Bxf5 35. Rxf5 Re6 36. Qg7 Qe7 37. Nxd5 Nxd5 38. Rxd5 Rd6 39. Re5 Qc7
40. Re8+ Rd8 41. Rxd8+ Qxd8 42. Qc3+ Kb8 43. Qe5+ Qc7 44. Qxh5 Qf4 45. Qh8+ Ka7
46. b3 Qd6 47. h5 f6 48. Qh7 Qxa3 49. h6 Qa5 50. Qe7 Qg5 51. h7 Qh5 52. Qe3+
Ka8 53. Qd3 Qe8 54. Qg3 Ka7 55. Qg1+ 1-0

[Event "17. Europa ch Juvenil - Femenino s16"]
[Site "Sibenik CRO"]
[Date "2007.09.20"]
[Round "7.9"]
[White "Kulon, Klaudia"]
[Black "Eric, Jovana"]
[Result "0-1"]
[WhiteElo "2170"]
[BlackElo "2041"]
[PlyCount "84"]
[EventDate "2007.09.14"]
[EventType "swiss"]
[EventRounds "9"]
[EventCountry "CRO"]
[Source "lmi"]
[SourceDate "2007.09.14"]

1. e4 c5 2. Nf3 d6 3. d4 cxd4 4. Nxd4 Nf6 5. Nc3 a6 6. Be3 e5 7. Nb3 Be6 8. Qd2
Nbd7 9. f4 b5 10. O-O-O Be7 11. h3 Rb8 12. f5 Bxb3 13. axb3 b4 14. Nd5 Nxe4 15.
Qe1 Bh4 16. g3 Nxg3 17. Rg1 Nxf5 18. Bf2 Bxf2 19. Qxf2 g6 20. Bd3 Nd4 21. Kb1
O-O 22. h4 Kg7 23. h5 a5 24. Rg2 Nb6 25. Ne3 Kh8 26. Rdg1 Ne6 27. Rh2 Nf4 28.
hxg6 fxg6 29. Rgh1 Rb7 30. Ba6 Rg7 31. Rh6 Nd7 32. Ng4 Nh5 33. Qd2 Nc5 34. Bc4
Ne4 35. Qd3 Neg3 36. Rd1 Nf5 37. Rxh5 gxh5 38. Nxe5 Qf6 39. Nc6 Rg3 40. Qe4 Ne3
41. Rd3 Nxc4 42. Rxg3 Qxb2# 0-1

[Event "17. Europa ch Juvenil - Femenino s16"]
[Site "Sibenik CRO"]
[Date "2007.09.20"]
[Round "7.10"]
[White "Gvilava, Maya"]
[Black "Shlakich, Anna"]
[Result "0-1"]
[WhiteElo "2046"]
[BlackElo "2169"]
[PlyCount "98"]
[EventDate "2007.09.14"]
[EventType "swiss"]
[EventRounds "9"]
[EventCountry "CRO"]
[Source "lmi"]
[SourceDate "2007.09.14"]

1. e4 c5 2. Nf3 e6 3. d4 cxd4 4. Nxd4 Nc6 5. Nxc6 bxc6 6. Bd3 Nf6 7. Nc3 e5 8.
O-O Be7 9. Qe2 d6 10. h3 O-O 11. Bd2 Be6 12. Rad1 Qb8 13. b3 d5 14. Rfe1 d4 15.
Na4 Nd7 16. Nb2 Ba3 17. Nc4 Bb4 18. Bxb4 Qxb4 19. a3 Qe7 20. a4 Qb4 21. Nb2 Nb6
22. Ba6 Rab8 23. Qd2 Qe7 24. a5 Nc8 25. Bc4 Nd6 26. Bxe6 Qxe6 27. Ra1 c5 28.
Ra4 Rb5 29. Nc4 Rfb8 30. Nxd6 Qxd6 31. Qd3 Rb4 32. Rea1 Qc6 33. f3 g6 34. Qd2
Kg7 35. a6 R8b6 36. Ra5 f6 37. R5a2 R6b5 38. Qd3 Qb6 39. Ra4 Qc6 40. Ra5 c4 41.
bxc4 Rc5 42. Rxc5 Qxc5 43. Kf1 Kh6 44. Ke1 Qxc4 45. Qxc4 Rxc4 46. h4 g5 47.
hxg5+ Kxg5 48. g3 h5 49. Kf1 h4 0-1

[Event "17. Europa ch Juvenil - Femenino s16"]
[Site "Sibenik CRO"]
[Date "2007.09.20"]
[Round "7.11"]
[White "Korchagina, Viktoria"]
[Black "Vetrila, Sanda"]
[Result "1-0"]
[WhiteElo "2152"]
[BlackElo "1999"]
[PlyCount "51"]
[EventDate "2007.09.14"]
[EventType "swiss"]
[EventRounds "9"]
[EventCountry "CRO"]
[Source "lmi"]
[SourceDate "2007.09.14"]

1. e4 c5 2. Nf3 e6 3. d4 cxd4 4. Nxd4 Nf6 5. Nc3 Nc6 6. Ndb5 Bb4 7. a3 Bxc3+ 8.
Nxc3 d5 9. exd5 exd5 10. Bd3 O-O 11. O-O d4 12. Ne2 Re8 13. Bg5 h6 14. Bh4 g5
15. Bg3 Ne4 16. f3 Nxg3 17. Nxg3 Ne5 18. f4 Ng4 19. fxg5 Qxg5 20. Qf3 Be6 21.
Rae1 Ne3 22. Ne4 Qh4 23. Nf6+ Kh8 24. Nxe8 Nxf1 25. Rxe6 Nd2 26. Qxf7 1-0